000 00334nam a22001457a 4500
999 _c257214
_d257213
003 OSt
005 20180823113556.0
008 180823b xxu||||| |||| 00| 0 eng d
020 _a01401.77396
040 _cna
100 _aJohn Steinbeck
245 _aOf Mice and Men
260 _aNewyork
_bPenguin Books
_c1978
942 _2lcc
_cBK